| 000 | 01424pab a2200157 454500 | ||
|---|---|---|---|
| 008 | 180718b2000 xxu||||| |||| 00| 0 eng d | ||
| 100 | _aChen, Xiangming | ||
| 245 | _aBoth glue and lubricant: transnational ethnic social capital as a source of Asia-Pacific subregionalism | ||
| 260 | _c2000 | ||
| 300 | _ap.269-87 | ||
| 362 | _aDec | ||
| 520 | _aSocial capital not only forms and functions at the individual, group, and organizational levels, but also permeates and transcends the political and geographic boundaries of nation-states. This paper examines transnational ethnic social networks based on ancestral and kinship ties as a form of social capital that facilitates economic growth and transformation in a transborder subregional context. Transnational ethnic social capital works by gluing multiple economic actors on opposite sides of a border together and by lubricating economic transactions among them. When purposefully mobilized by government policies, transnational ethnic social capital in turn induces more responsive and efficient policy initiatives and implementation. This paper also considers whether ethnic social capital is both a necessary and sufficient condition for successful transnational subregionalism by demonstrating its interaction with certain crucial complementary or contradictory factors. - Reproduced | ||
| 650 | _aSocial capital | ||
| 773 | _aPolicy Sciences | ||
| 909 | _a48407 | ||
| 999 |
_c48407 _d48407 |
||